000 01262nam a2200277Ia 4500
003 OSt
005 20220923211313.0
006 a|||||r|||| 00| 0
007 ta
008 220922b |||||||| |||| 00| 0 hin d
020 _a9788180312816
_c395
024 _a258,814
037 _bIN4657, 14/02/2012, New India Book Agency
_cTextual
040 _aARTS
_cARTS
_bhin
041 _2hin
_ahin
082 _aO152,1J94,1:g, F6;Q1
100 _aजगन्नाथदास, रत्नाकर; सिंह, बच्चन, संपा.
_9160207
245 0 _aबिहारी - रत्नाकर
_b बिहारी सतसई पर रत्नाकर की टीका
246 _aBihārī - ratnākara: bihārī satasaī par ratnākar kī ṭīkā
260 _aइलाहाबाद
_b लोकभारती प्रकाशन
_c2011
300 _a360पृ.
_ccm.
650 _a हिन्दी कविता
650 _aहिन्दी साहित्य
_9156264
942 _hO152,1J94,1:g, F6;Q1
_cTEXL
_2CC
999 _c298295
_d298295